| 000 | 00973nam a2200289 a 4500 | ||
|---|---|---|---|
| 001 | 2507398 | ||
| 003 | OSt | ||
| 005 | 20240229120731.0 | ||
| 008 | 920220s1993 iaua bf 001 0 eng | ||
| 010 | _a 92070351 | ||
| 020 | _a0697101606 | ||
| 040 | _cDDC | ||
| 050 | 0 | 0 |
_aQL812 _b.C48 1993 |
| 082 | 0 | 0 | _a596 CHI 1993 |
| 100 | 1 |
_aChiasson, Robert B.; Radke, William J. _912577 |
|
| 245 | 1 | 0 | _aLaboratory Anatomy of the Vertebrates |
| 260 |
_aDubuque, Iowa : _bW.C. Brown Publishers, _cc1993. |
||
| 300 |
_axv, 224 p. : _bill. ; _c28 cm. |
||
| 440 | 0 |
_aLaboratory anatomy series _912578 |
|
| 504 | _aIncludes bibliographical references (p. 205-210) and index. | ||
| 650 | 0 |
_aVertebrates anatomy _912579 |
|
| 650 | 0 |
_xLaboratory manuals. _912580 |
|
| 740 | 0 | _aVertebrates. | |
| 906 |
_a7 _bcbc _corignew _d3 _eopcn _f19 _gy-gencatlg |
||
| 942 |
_2ddc _cO_SHELF |
||
| 999 |
_c6077 _d6077 |
||